00661nam a2200193Ia 4500008004100000020001500041082001400056100004100070245005300111250000700164260003500171300003000206500001900236600002100255650005000276942000700326952011900333999001500452240925s9999 xx 000 0 und d a093237607X a005.1 LEV aLevy, Henry M; Eckhouse ,Richard H. 0aComputer Programming and Architecture the VAX-11 aNA aBoston:bDigital Pressc,1980. axviii,523p.bNafOriginal aIncludes Index aComputer Science aComputer science, information & general works cBK 001040708CSaUITUbUITUd1997-11-18eUIT Fruit Canadal0o005.1 LEVpQ1168r2024-09-25 07:12:20w2024-09-25yBK c3667d3667